000 00810nam a2200277Ia 4500
003 OSt
005 20221007105545.0
006 a|||||r|||| 00| 0
007 ta
008 221006b |||||||| |||| 00| 0 eng d
020 _a9780195308433
024 _a18,880
037 _cTextual
040 _aLCO
_cLCO
_beng
041 _2eng
_aeng
082 _aZ1N4, P8
100 _aChesterman Simon
_9706733
245 0 _aLaw and Practice of the United Nations
_b Documents and Commentary
260 _aNew
_bYork Oxford University Press India
_c2008
300 _a648
650 _aUNITED NATIONS
700 _a Franck Thomas M.
700 _a Malone David M.
_9706734
942 _hZ1N4, P8
_cTEXL
999 _c1188443
_d1188443